Interest rates' rise will have little impact on housing market (Record no. 73754)

MARC details
000 -LEADER
fixed length control field 01129cam a2200205 4500
001 - CONTROL NUMBER
control field WB3942-14
008 - FIXED-LENGTH DATA ELEMENTS--GENERAL INFORMATION
fixed length control field 031106n2003 000 0 eng u
035 ## - SYSTEM CONTROL NUMBER
System control number (Sirsi) u124252
245 ## - TITLE STATEMENT
Title Interest rates' rise will have little impact on housing market
260 ## - PUBLICATION, DISTRIBUTION, ETC.
Date of publication, distribution, etc. 2003
490 ## - SERIES STATEMENT
Series statement RICS Press Release
Volume/sequential designation (pr103) 6 November 2003 (1)
520 ## - SUMMARY, ETC.
Summary, etc. RICS views the 0.25% increase in interest rates set on 6 November as having little impact on the housing market but an upward trend would slow it down. The rise will have only a muted impact on housing demand, as employment remains firm due to government spending. RICS believes that the low inflation climate provides the Bank of England with leeway to await confirmation of a broad-based rebound in the UK economy before implementing further monetary tightening. http://www.rics.org/ricscms/bin/show?class=PressRelease&template=/includes/showpr.html&id=1054
590 ## - LOCAL NOTE (RLIN)
Local note WB
650 ## - SUBJECT ADDED ENTRY--TOPICAL TERM
Topical term or geographic name entry element INTEREST RATES
650 ## - SUBJECT ADDED ENTRY--TOPICAL TERM
Topical term or geographic name entry element ECONOMY
650 ## - SUBJECT ADDED ENTRY--TOPICAL TERM
Topical term or geographic name entry element LOW INFLATION
650 ## - SUBJECT ADDED ENTRY--TOPICAL TERM
Topical term or geographic name entry element HOUSING DEMAND
690 ## - LOCAL SUBJECT ADDED ENTRY--TOPICAL TERM (OCLC, RLIN)
Topical term or geographic name as entry element PROPERTY-RESIDENTIAL PROPERTY-RESIDENTIAL PROPERTY MARKET
942 ## - ADDED ENTRY ELEMENTS (KOHA)
Suppress in OPAC 0
Holdings
Withdrawn status Lost status Source of classification or shelving scheme Damaged status Not for loan Home library Current library Shelving location Date acquired Total Checkouts Full call number Barcode Date last seen Copy number Price effective from Koha item type
    Dewey Decimal Classification     London London News article 06/11/2003   WB3942-14 124252-1001 06/08/2019 1 06/08/2019 News article